Jugadores más valiosos - Estadísticas

Estadísticas generales
  • Esta prueba ha sido intentada 13 veces
  • La puntuación promedio es 16 de 22
Estadísticas de respuestas
Top Valor de mercado Nacionalidad Jugador % Correcto
180.000.000 € Francia Kylian Mbappé
100%
200.000.000 € España Lamine Yamal
100%
150.000.000 € España Pedri
100%
200.000.000 € Noruega Erling Haaland
92%
18° 100.000.000 € Argentina Julián Álvarez
92%
140.000.000 € Portugal Vitinha
92%
10° 130.000.000 € Inglaterra Jude Bellingham
85%
150.000.000 € Francia Michael Olise
85%
140.000.000 € Brasil Vinicius Junior
85%
12° 120.000.000 € Inglaterra Declan Rice
77%
140.000.000 € Portugal João Neves
77%
14° 100.000.000 € Ecuador Moisés Caicedo
77%
22° 100.000.000 € Francia Ousmane Dembélé
77%
21° 100.000.000 € Hungría Dominik Szoboszlai
69%
17° 100.000.000 € Alemania Jamal Musiala
69%
140.000.000 € Georgia Khvicha Kvaratskhelia
69%
16° 100.000.000 € Alemania Florian Wirtz
62%
13° 110.000.000 € Inglaterra Bukayo Saka
54%
19° 100.000.000 € Inglaterra Cole Palmer
54%
11° 120.000.000 € Francia Désiré Doué
54%
15° 100.000.000 € España Fermín López
38%
20° 100.000.000 € Francia William Saliba
38%
No se encontraron pruebas coincidentes
Distribución de puntuación
Porcentaje de gente con cada puntuación
Porcentaje por número respondido
Historial de tus puntuaciones
No has intentado esta prueba.